00313nam a2200133Ia 4500008004100000020001100041040001700052041001200069082001700081100001100098245001700109260004200126300001100168230917s9999||||xx |||||||||||||| ||und|| cGBP1.5 e136492aMAIN aEnglish a822.09 B633M aBogard 0aModern drama aLondonbOxford University Pressc1965 a392 p.